Either/Or in 30: Death Decades Quiz Stats

 Plays Quiz not verified by Sporcle

Score 0/13 Timer 00:30
0 Plays Today
Question Answer Wrong Answers
George H.W. Bush 2010s
82.6%
2000s
4.7%
Adolf Hitler 1940s
79.1%
1930s
7.8%
Martin Luther King, Jr. 1960s
78.4%
1970s
7.7%
Elvis Presley 1970s
76.2%
1980s
10.7%
Princess Diana 1990s
74.1%
1980s
11.7%
Kurt Cobain 1990s
73.4%
2000s
13.1%
Marilyn Monroe 1960s
70%
1950s
16.9%
John Belushi 1980s
67.6%
1990s
18.8%
Nelson Mandela 2010s
65.9%
2000s
21.9%
Bobby Kennedy 1960s
65.5%
1970s
20.3%
James Dean (actor) 1950s
64.5%
1960s
21.2%
Jim Morrison (the Doors) 1970s
63.7%
1960s
23.3%
Michael Jackson 2000s
53.5%
2010s
34%

You're not logged in!

Compare scores with friends on all Sporcle quizzes.
OR
Log In

Sporcle TV

Today on Sporcle TV


Watch our educational content, quiz creation guides, and fun videos on Sporcle TV.

Show Comments

Extras

Top Quizzes Today


Score Distribution

Your Account Isn't Verified!

In order to create a playlist on Sporcle, you need to verify the email address you used during registration. Go to your Sporcle Settings to finish the process.

Report this User

Report this user for behavior that violates our Community Guidelines.

Details: